000 00255nam a2200109Ia 4500
008 190216s9999||||xx |||||||||||||| ||und||
100 _aA R Rajarajavarma
245 0 _aMalavikas Nimitham
260 _bNull
650 _aMalayalam Literaturte
942 _cBK
999 _c24361
_d24361